<?xml version="1.0" encoding="UTF-8"?>
<collection xmlns="http://www.loc.gov/MARC21/slim">
 <record>
  <leader>01523nam a22001937a 4500</leader>
  <controlfield tag="001">NCT_143811</controlfield>
  <controlfield tag="008">200328b        xxu||||| |||| 00| 0 vie d</controlfield>
  <datafield tag="999" ind1=" " ind2=" ">
   <subfield code="c">7405</subfield>
   <subfield code="d">7405</subfield>
  </datafield>
  <datafield tag="020" ind1=" " ind2=" ">
   <subfield code="a">9786048059095</subfield>
   <subfield code="c">220000</subfield>
  </datafield>
  <datafield tag="082" ind1="0" ind2="4">
   <subfield code="2">23rd ed.</subfield>
   <subfield code="a">004.6</subfield>
   <subfield code="b">S102T</subfield>
  </datafield>
  <datafield tag="110" ind1="1" ind2=" ">
   <subfield code="a">Bộ Thông tin và Truyền thông</subfield>
  </datafield>
  <datafield tag="245" ind1="1" ind2="0">
   <subfield code="a">Sách trắng công nghệ thông tin và truyền thông Việt Nam 2021 : </subfield>
   <subfield code="b">Thông tin và số liệu thống kê</subfield>
   <subfield code="c">Bộ Thông tin và Truyền thông</subfield>
  </datafield>
  <datafield tag="260" ind1=" " ind2=" ">
   <subfield code="a">H.</subfield>
   <subfield code="b">Thông tin và Truyền thông</subfield>
   <subfield code="c">2021</subfield>
  </datafield>
  <datafield tag="300" ind1=" " ind2=" ">
   <subfield code="a">91 tr.</subfield>
   <subfield code="b">Minh họa</subfield>
   <subfield code="c">24cm</subfield>
  </datafield>
  <datafield tag="520" ind1="3" ind2=" ">
   <subfield code="a">Sách trắng 2021 cung cấp thông tin, số liệu năm 2020 về tất cả các lĩnh vực do bộ Thông tin và Truyền thông quản lý là : Bưu chính, Viễn thông, Ứng dụng công nghệ thông tin, An toàn thông tin mạng, Công nghiệp công nghệ thông tin - điện tử viễn thông, Báo chí truyền thông. So với các năm trước đây, sách trắng 2021 đã bổ sung thêm nhiều số liệu mới liên quan đến việc phát triển Chính phủ số, kinh tế số và xã hội số.</subfield>
  </datafield>
  <datafield tag="653" ind1=" " ind2=" ">
   <subfield code="a">Công nghệ thông tin</subfield>
  </datafield>
  <datafield tag="942" ind1=" " ind2=" ">
   <subfield code="2">ddc</subfield>
   <subfield code="c">BK</subfield>
  </datafield>
  <datafield tag="952" ind1=" " ind2=" ">
   <subfield code="0">0</subfield>
   <subfield code="1">0</subfield>
   <subfield code="2">ddc</subfield>
   <subfield code="4">0</subfield>
   <subfield code="6">004_600000000000000_S102T</subfield>
   <subfield code="7">0</subfield>
   <subfield code="9">26601</subfield>
   <subfield code="a">000001</subfield>
   <subfield code="b">000001</subfield>
   <subfield code="d">2023-01-06</subfield>
   <subfield code="o">004.6 S102T</subfield>
   <subfield code="p">MD.21021</subfield>
   <subfield code="r">2023-01-06</subfield>
   <subfield code="v">220000.00</subfield>
   <subfield code="w">2023-01-06</subfield>
   <subfield code="y">BK</subfield>
  </datafield>
  <datafield tag="980" ind1=" " ind2=" ">
   <subfield code="a">Thư viện Trường Đại học Nam Cần Thơ</subfield>
  </datafield>
 </record>
</collection>
